El aire, el agua y el árbol /
Gardado en:
| Autor Principal: | |
|---|---|
| Formato: | Desconocido |
| Idioma: | Spanish |
| Publicado: |
San José, Costa Rica :
Editorial Centroamericana,
1962.
|
| Series: | ((Colección Poetas Nuevos de Costa Rica)
|
| Materias: | |
| Etiquetas: |
Engadir etiqueta
Sen Etiquetas, Sexa o primeiro en etiquetar este rexistro!
|
MARC
| LEADER | 000000000a22000000004500 | ||
|---|---|---|---|
| 001 | 002604 | ||
| 041 | 0 | |a spa | |
| 082 | 0 | 4 | |a CR861.4 |b G243a |
| 100 | 1 | |a Garrón de Doryan, Victoria, |d 1920- | |
| 245 | 1 | 3 | |a El aire, el agua y el árbol / |c Victoria Garrón de Doryan. |
| 260 | 1 | |a San José, Costa Rica : |b Editorial Centroamericana, |c 1962. | |
| 300 | |a 131 páginas | ||
| 490 | 1 | |a ((Colección Poetas Nuevos de Costa Rica) | |
| 650 | 4 | |a LITERATURA COSTARRICENSE | |
| 650 | 4 | |a POESIA | |
| 999 | |c 8983 |d 8983 | ||
| 942 | |c BK |h CR861.4 G243a |2 z | ||
